Green Day - Dookie (Tracks) - Statistics

General Stats
  • This quiz has been taken 102 times
  • The average score is 11 of 14
Answer Stats
Track Number Track Name % Correct
7 Basket Case
100%
5 Welcome to Paradise
90%
4 Longview
89%
1 Burnout
86%
10 When I Come Around
81%
14 F.O.D.
80%
3 Chump
78%
2 Having a Blast
77%
8 She
77%
6 Pulling Teeth
75%
13 In the End
68%
11 Coming Clean
63%
9 Sassafras Roots
63%
12 Emenius Sleepus
57%
No matching quizzes found
Score Distribution
Percent of People with Each Score
Percentile by Number Answered
Your Score History
You have not taken this quiz